000 00523nam a2200193Ia 4500
005 20250508164653.0
008 008 250505s9999 xx 000 0 hin d
037 _aTextual
040 _aFEDL
_beng
_cFEDL
041 _ahin
_2eng
084 _aB, BOS
_qFEDL
100 _aArun Singh
245 0 _aKhudiram Bose: Amar shaheed ke balidani jeevan ki katha
260 _aMeerut, India
_bSamvad Prakashan
_c2006
300 _a89p.
365 _aINR
_b150
942 _cTEXL
_hB, BOS
999 _c1390457
_d1390457